000 00508nam a2200169 4500
001 136910
003 ES-MaACL
005 20231230063005.0
007 t|
008 070214s1972 sp r ||||1| spa d
100 1 _aSainz de Robles, Federico Carlos,
_d1898-1982
_9101593
245 1 0 _aCaprichos, fantasmas y otras anomalĂ­as /
_cFederico Carlos Sainz de Robles.
260 _aMadrid :
_bCunillera,
_c1972.
300 _a362 p. ;
_c20 cm.
852 _aES-MaACL
_jC-43592
_bR.83300
999 _c136910
_d136910